Η νεοελληνική σύνθεση : θέματα και κατευθύνσεις της νεοελληνικής λογοτεχνίας
Αποθηκεύτηκε σε:
| Κύριος συγγραφέας: | |
|---|---|
| Μορφή: | Βιβλίο |
| Γλώσσα: | Greek |
| Δημοσίευση: |
Αθήνα :
Νεφέλη,
1999.
|
| Θέματα: | |
| Ετικέτες: |
Προσθήκη ετικέτας
Δεν υπάρχουν, Καταχωρήστε ετικέτα πρώτοι!
|
MARC
| LEADER | 00000cam a2200000 i 4500 | ||
|---|---|---|---|
| 001 | 1/2651 | ||
| 008 | 000511s1999 gr | ||| |||| ||gre|| | ||
| 020 | |a 9602114312 | ||
| 035 | |l 10060516 | ||
| 040 | |a GR-MY-UA |b gre |e aacr | ||
| 041 | 0 | |a gre | |
| 082 | 7 | |a 889.092 |2 (22) | |
| 100 | 1 | |a Μαστροδημήτρης, Παναγιώτης Δ., |d 1934- | |
| 245 | 1 | 2 | |a Η νεοελληνική σύνθεση : |b θέματα και κατευθύνσεις της νεοελληνικής λογοτεχνίας / |c Π. Δ. Μαστροδημήτρης. |
| 260 | |a Αθήνα : |b Νεφέλη, |c 1999. | ||
| 300 | |a 392 σ. ; |c 24 εκ. | ||
| 504 | |a Περιέχει ευρετήριο. | ||
| 650 | 0 | 0 | |a Greek literature |x History and criticism. |
| 852 | |a INST |b LESVOS |e 20000511 |h 889.092 ΜΑΣ |p 005100028786 |q 005100028786 |t BK |y 0 | ||
| 901 | |a BIBL1-2001-2 | ||
| 909 | |a Λ |b 073080 | ||
| 922 | |a 1ΕΛΗ |b 199912 |c ΤΑΚ/ΚΥΒ |d ΠΑΠΑΣΩΤΗΡΙΟΥ | ||
| 950 | |a 023-1999-12-02 | ||
| 970 | |a ΤΖΑΦΕΡΗ |b ΕΥΑΓΓΕΛΙΑ |z 2001/07/18 | ||